[Event "Tashkent FIDE GP"]
[Site "Tashkent"]
[Date "2014.10.21"]
[Round "1"]
[White "Giri, Anish"]
[Black "Gelfand, Boris"]
[Result "1/2-1/2"]
[WhiteElo "2768"]
[BlackElo "2748"]
[Annotator "Ramirez Alvarez,A"]
[PlyCount "77"]
[EventDate "2014.10.21"]
[EventType "tourn"]
[EventRounds "11"]
[EventCountry "UZB"]
[EventCategory "21"]
[SourceTitle "CBM 163"]
[Source "ChessBase"]
[SourceDate "2014.11.11"]
[SourceVersion "1"]
[SourceVersionDate "2014.11.11"]
[SourceQuality "1"]

1. d4 Nf6 2. c4 g6 3. f3 e6 4. e4 c5 5. d5 d6 6. Nc3 exd5 7. cxd5 {Modern
chess is like this, weird of full transpositions. The anti-Grunfeld has turned
into a Benoni.} Bg7 8. Nge2 O-O 9. Ng3 a6 10. a4 Nh5 $5 {Clearly an idea
cooked at home. The idea of doubling the pawns on the h-file is not unheard of
in the Benoni, Here Black tries to accelerate his development while at the
same time it gives him the possibility to break with f5 quickly.} (10... Nbd7 {
is far more common.}) (10... h5 $5 {has also been seen often.}) 11. Nxh5 gxh5
12. Be2 Qh4+ 13. g3 Qe7 14. h4 Nd7 15. Kf2 Ne5 16. Kg2 f5 {Black has no
complaints from the opening. He has good development and he has achieved f5.} (
16... Ng6 $5 {Was maybe even more ambitious, preparing f5 next move.}) 17. f4
Ng4 18. Bxg4 hxg4 19. Re1 Bxc3 20. bxc3 fxe4 21. a5 Bf5 {Black is up a pawn,
but he will be unable to do anything with it. White on the other hand will
triple down the b-file to attack the weak b7 pawn. Black will defend it, and
no one will make progress.} 22. Be3 Rad8 23. Rb1 Rd7 24. Rb6 Qf7 25. c4 Re8 26.
Qb3 h5 27. Rb1 Ree7 28. Kf1 Kh7 29. Ke2 Kg8 30. Kd2 Kh7 31. Qd1 Kg8 32. R1b3
Kh7 33. Kc2 Kg8 34. Kb1 Kh7 35. Ka2 Qe8 36. Qc2 Qf7 37. Qc3 Qg7 38. Qc2 Qf7 39.
Qc3 1/2-1/2

[Event "Vienna Bawag"]
[Site "Vienna"]
[Date "1996.??.??"]
[Round "2"]
[White "Fauland, Alexander"]
[Black "Arakhamia Grant, Ketevan"]
[Result "1/2-1/2"]
[WhiteElo "2430"]
[BlackElo "2480"]
[Annotator "Rechlis,G"]
[PlyCount "80"]
[EventDate "1996.05.??"]
[EventType "tourn"]
[EventRounds "9"]
[EventCountry "AUT"]
[EventCategory "9"]
[SourceTitle "CBM 054"]
[Source "ChessBase"]
[SourceDate "1996.10.01"]
[SourceVersion "1"]
[SourceVersionDate "1996.10.01"]
[SourceQuality "1"]

1. c4 g6 2. d4 Nf6 3. Nc3 Bg7 4. e4 O-O 5. f3 d6 6. Bg5 h6 7. Be3 c5 8. d5 e6
9. Qd2 exd5 10. cxd5 Nh7 (10... a6 11. a4 Nh7 12. Nge2 Nd7 13. Nc1 Ne5 14. Be2
f5 15. O-O g5 16. exf5 Bxf5 17. a5 Qe7 18. Na4 {Olafsson,H-Mortensen,E/Esbjerg/
1985/}) 11. Nge2 Nd7 12. Nc1 $6 (12. Nf4) (12. Ng3) 12... a6 13. a4 b6 $6 (
13... Ne5 $142) 14. Be2 Rb8 15. O-O h5 16. Kh1 Re8 17. Ra3 $6 (17. Rb1) 17...
h4 18. N1a2 Ndf6 19. Bf2 Nh5 20. f4 h3 21. gxh3 N7f6 22. f5 Nxe4 23. Nxe4 Rxe4
24. fxg6 fxg6 25. Bxh5 gxh5 26. Rg3 Qf6 27. Nc3 Re7 $6 (27... Rf4 28. Rfg1 Rb7
29. Be3 Rf1 30. Bh6 Rxg1+ 31. Kxg1 Bf5 $15) 28. Qd1 h4 29. Bxc5 $1 hxg3 (29...
Qh6 30. Rxg7+ Rxg7 31. Bd4 $36) 30. Rxf6 bxc5 31. Rg6 Rxb2 32. Rxg3 Bf5 $44 33.
Qf3 Bxh3 $1 34. Ne4 Rf7 35. Rxg7+ Kxg7 36. Qc3+ Kf8 37. Qxh3 Rb1+ 38. Kg2 Rb2+
39. Kg1 Rb1+ 40. Kg2 Rb2+ 1/2-1/2

[Event "EU-Cup 22nd"]
[Site "Fuegen"]
[Date "2006.10.13"]
[Round "6.2"]
[White "Hochstrasser, Michael"]
[Black "Volokitin, Andrei"]
[Result "0-1"]
[WhiteElo "2363"]
[BlackElo "2645"]
[Annotator "Reeh,O"]
[PlyCount "64"]
[EventDate "2006.10.08"]
[EventType "team-swiss"]
[EventRounds "7"]
[EventCountry "AUT"]
[SourceTitle "CBM 115"]
[Source "ChessBase"]
[SourceDate "2006.11.15"]
[SourceVersion "1"]
[SourceVersionDate "2006.11.15"]
[SourceQuality "1"]
[WhiteTeam "Wollishofen"]
[BlackTeam "Saransk"]
[WhiteTeamCountry "SUI"]
[BlackTeamCountry "RUS"]

1. d4 Nf6 2. c4 g6 3. Nc3 Bg7 4. e4 d6 5. f3 O-O 6. Bg5 c5 7. d5 h6 8. Be3 e6
9. Qd2 exd5 10. cxd5 Re8 11. Nge2 Nbd7 12. Nc1 $146 (12. Bxh6 {runs into the
typical trifft auf die typische Erwiderung} Nxe4 $1 13. Nxe4 Qh4+ 14. g3 Qxh6
15. Qxh6 Bxh6 {, and after , und nach} 16. Nxd6 Re5 {or 16...Rd8 the game is
unclear. oder 16...Td8 ist das Spiel unklar.}) 12... a6 13. a4 Nh5 14. g4 $6 (
14. Nd3 {is much safer. ist viel sicherer.}) 14... Ne5 $1 {Threatening a fork
on f3. Droht eine Gabel auf f3.} 15. Be2 Qh4+ 16. Kd1 (16. Bf2 Qf6 $1 {, and
following und nach} 17. gxh5 Nxf3+ 18. Bxf3 Qxf3 {White's centre collapses.
bricht das weiße Zentrum zusammen.}) 16... Nxf3 $5 {A promising piece
sacrifice. Ein aussichtsreiches Figurenopfer.} 17. Bxf3 Bxc3 18. bxc3 Bxg4 19.
Qe2 Rxe4 $1 {Already winning the third pawn for the piece. Gewinnt bereits den
dritten Bauern für die Figur.} 20. Bxg4 Rxg4 21. Rf1 Rxa4 22. Rb1 b5 23. Bxh6
Nf6 24. Qf3 ({Better chances for survival offered Bessere Überlebenschancen bot
} 24. Qe7 $1 Qxh6 25. Rxf6 {, e.g. , z.B.} Qh5+ 26. Kc2 Qxd5 27. Rxd6) 24...
Qxh6 25. Qxf6 Qh5+ 26. Qf3 (26. Kc2 Qxd5 $17) {[%tqu "En","White threatens to
exchange queens. How would you continue?","The white queen is pinned by the
black queen on h5.","Find a move which actually forces the exchange of queens
- but enables Black an intermediate capture with check.","a4f4","Correct! But
have you already seen the point two moves later?",20,"De","Weiß droht, die
Damen zu tauschen. Wie würden Sie fortsetzen?","Die weiße Dame ist von der
schwarzen Dame auf h5 gefesselt.","Finden Sie einen Zug, der den Damentausch
tatsächlich erzwingt - aber Schwarz ein Zwischenschlagen ermöglicht, und zwar
mit Schach.","a4f4","Super! Aber haben Sie auch bereits die Pointe zwei Züge
später gesehen?",20]} 26... Rf4 $1 27. Qxh5 Rxf1+ 28. Ke2 {[%tqu "En","And now
what?","Chess is not a game of automatic recapturing...","What would happen if
Black would not take the white queen but...","f1c1","Very nice!   Since the
attacked white queen has no way to protect the hanging rook on b1, Black
remains with a decisive material plus.",15,"De","Und was jetzt?","Schach ist
kein Spiel mit automatischem Zurückschlagen...","Was würde passieren, wenn
Schwarz nicht die weiße Dame nehmen würde, sondern...","f1c1","Sehr schön!  Da
die angegriffene weiße Dame keine Möglichkeit hat, den hängenden Turm auf b1
zu decken, verbleibt Schwarz mit entscheidendem Materialplus.",15]} Rxc1 $1 {
The point! Since the attacked white queen has no way to protect the hanging
rook on b1, Black remains with a decisive material plus. Die Pointe! Da die
angegriffene weiße Dame keine Möglichkeit hat, den hängenden Turm auf b1 zu
decken, verbleibt Schwarz mit entscheidendem Materialübergewicht.} 29. Qg4 (29.
Rxc1 gxh5 $19) 29... Re8+ 30. Kd2 Rxb1 $19 31. Qd7 Rbe1 32. Qxd6 c4 0-1

[Event "Reykjavik op"]
[Site "Reykjavik"]
[Date "2015.03.14"]
[Round "6"]
[White "Jussupow, Artur"]
[Black "Foisor, Cristina Adela B"]
[Result "1-0"]
[WhiteElo "2573"]
[BlackElo "2394"]
[Annotator "Sagar Shah"]
[PlyCount "69"]
[EventDate "2015.03.10"]
[EventType "swiss"]
[EventRounds "10"]
[EventCountry "ISL"]
[SourceTitle "CBM 166"]
[Source "ChessBase"]
[SourceDate "2015.05.11"]
[SourceVersion "1"]
[SourceVersionDate "2015.05.11"]
[SourceQuality "1"]

1. d4 g6 2. c4 Bg7 3. e4 c5 4. d5 d6 5. Nc3 Nf6 6. f3 {The game has now
transposed into the Sämisch Variation of the King's Indian. After Black breaks
with e6, the structure will resemble a Benoni.} O-O 7. Bg5 (7. Nge2 {is
another option.}) 7... a6 8. a4 {Preventing any Benko like ideas of pawn
sacrifice with b5.} h6 9. Be3 e6 10. Nge2 exd5 11. cxd5 Nbd7 12. Ng3 Rb8 13.
Be2 Ne8 {A typical plan of relocating the knight to c7 in order to break with
b5.} 14. Qd2 Kh7 15. O-O Nc7 {This position is some kind of a race. Black is
trying to get his play going on the queenside with ...b5 break while White is
trying to blast through the centre with f4-e5.} 16. f4 b5 {Black has just
achieved one of the main aims in the Benoni: to get the b5 break. Jussupow who
is playing White with all his years of experience realises that he has to do
something soon or be left with a bad position. And he comes up with a very
thematic idea.} 17. e5 $1 {A very strong attacking idea. The interesting thing
about this position is that even though we are at move number 17, this
position has already been played in five games before!} (17. f5 {is an
attacking move but cedes the e5-square to the black knight. What White intends
to do is to play e5 and after Black takes dxe5, he pushes on with f5. In that
way the e5-square is occupied by a black pawn rather than a knight!} Ne5 $1 $13
) 17... bxa4 (17... dxe5 18. f5 $40 {is similar to the game.}) (17... b4 {
Another perk of playing e5 is that the e4-square is cleared for both the
knights.} 18. Nce4 $16) 18. Nge4 (18. Nce4 $6 dxe5 19. f5 Bb7 {creates some
issues with the defence of the d5-pawn. The knight on c3 must remain on that
square in order to defend the d5-pawn.} 20. d6 Nd5 $132) 18... dxe5 19. f5 $1 {
For all those who aren't acquainted with this idea of e5 dxe5 f5, they must
make this a part of their arsenal. It crops up in variety of situations and in
many openings.} (19. fxe5 Nxe5 20. Nxc5 {might also be possible but this is
definitely not what Jussupow intended when he went for the central break.})
19... Nb5 $1 {Black keeps her cool and makes the best move. The knight aims to
settle down on the d4-square which would be a huge thorn in White's position.}
20. fxg6+ fxg6 21. Rxf8 Qxf8 (21... Bxf8 $13 {was also possible. One of the
main advantages is that it doesn't allow White to gain a tempo with the move
Rf1.}) 22. Rf1 Qd8 $2 {This allows Jusspow to finish the game with some
sparkling blows.} (22... Nxc3 $1 {was the best defensive idea in the position.
It's not the only one but this helps Black to get a very playable position.}
23. Rxf8 (23. bxc3 {You might ask what difference does this move bxc3 make in
this position? Well, it opens the b-file for the black rook and as we will see
it turns out to be the decisive difference compared to the game.} Qd8 24. Bxh6
{This sacrifice which worked perfectly in the game only leads to a draw.} Bxh6
25. Rf7+ Bg7 26. Ng5+ Kh8 27. Rxg7 $2 (27. Rf1 {It is better to just retreat
here. The position remains dynamically balanced.}) 27... Rb1+ $1 {This is the
move that was not possible in the game.} 28. Kf2 (28. Bd1 Rxd1+ 29. Qxd1 Qxg5
$19) (28. Bf1 Rxf1+ 29. Kxf1 Qf6+ $19) 28... Qf6+ $19 {A knight exchange which
seemed irrelevant led to the opening of a very relevant file and repelled
White's attack. Such is the beauty of chess.}) (23. Qxc3 Qd8 $13 {is nothing
much for White.}) 23... Nxe4 24. Qd3 Nxf8 25. Qxe4 Rxb2 $15 {Black has more
than sufficient compensation for the queen.}) (22... Qg8 {is a computer
generated defensive move which doesn't look so great as White can carry on his
attack with} 23. h4 $1 $40) (22... Qe7 $6 23. Bd3 $5 {Continuing the attack.
This position is not so easy for Black to play.} (23. Bg5 $6 hxg5 24. Nxg5+ Kg8
25. d6 Nxd6 26. Nd5 Qe8 27. Nc7 Qe7 28. Nd5 $11) 23... Nd4 $2 (23... Bb7 $5 $13
) 24. Bg5 $1 hxg5 25. Nxg5+ Kg8 (25... Kh8 26. d6 Qe8 27. Qe1 $1 $18) 26. d6 $1
{Now there is no Nxd6 as the knight has moved to d4.} Qxd6 27. Bc4+ $18) 23.
Nxb5 (23. Bxh6 $1 {was also winning.} Nxc3 24. Ng5+ Kg8 25. Ne6 $18) 23... axb5
24. Bxh6 $1 {Advanced age has not affected Artur Jussupow's combinational
vision.} Qh4 (24... Bxh6 25. Rf7+ Bg7 (25... Kg8 26. Qxh6 Kxf7 27. Qh7+ Kf8 (
27... Ke8 28. Nd6+ Kf8 29. Qf7#) 28. Qh8+ Ke7 29. Qg7+ Ke8 30. Nd6#) 26. Ng5+
Kh8 (26... Kg8 27. Rxg7+ Kxg7 28. Ne6+ $18) 27. Rxg7 $1 Kxg7 28. Ne6+ $18) 25.
Bxg7 (25. Ng5+ {was cleaner} Kxh6 26. Ne6+ $1 Kh7 27. Rf7 $1 Nf8 28. Rxg7+ Kh8
29. g3 $1 Qh3 30. Bg4 $18) 25... Kxg7 26. Qe3 {The black king is too exposed.
White is able to finish off the game nicely.} Bb7 (26... c4 {is better but
after} 27. Ng5 $18 {The attacks looks very dangerous.}) 27. Nxc5 Rh8 28. h3
Bxd5 (28... Nxc5 29. Qxe5+ Kg8 30. Qe8+ Kg7 31. Rf7+ Kh6 32. Qxh8+ Kg5 33. Qf6+
Kh6 34. Qxh4#) 29. Nxd7 Qd4 30. Qxd4 exd4 31. Bxb5 Bb3 32. Nc5 Rb8 33. Nxb3
Rxb5 34. Nxd4 Rxb2 35. Ne6+ {A very fine game filled with interesting moments
like Jussupow's thematic central break; Foisor missed defensive chance and a
nice sacrificial finish.} 1-0

[Event "Dortmund SuperGM 43rd"]
[Site "Dortmund"]
[Date "2015.07.03"]
[Round "5"]
[White "So, Wesley"]
[Black "Nepomniachtchi, Ian"]
[Result "1-0"]
[WhiteElo "2778"]
[BlackElo "2720"]
[Annotator "Sagar Shah"]
[PlyCount "97"]
[EventDate "2015.06.27"]
[EventType "tourn"]
[EventRounds "7"]
[EventCountry "GER"]
[EventCategory "19"]
[SourceTitle "CBM 167"]
[Source "ChessBase"]
[SourceDate "2015.07.13"]
[SourceVersion "1"]
[SourceVersionDate "2015.07.13"]
[SourceQuality "1"]

1. d4 Nf6 2. c4 g6 3. f3 e6 4. e4 c5 5. d5 d6 6. Nc3 Bg7 7. Nge2 exd5 8. cxd5
O-O 9. Ng3 a6 10. a4 h5 11. Be2 Qe8 12. Bf4 Qe7 13. Bg5 Qe8 14. Qd2 Nbd7 15.
Bh6 Qe5 16. Bxg7 Kxg7 17. Bd3 Rb8 18. Rd1 Re8 19. Be2 h4 20. Nf1 h3 21. g4 b5
22. axb5 axb5 23. Ng3 b4 24. Na4 Ra8 25. b3 Ba6 26. Bxa6 Rxa6 27. O-O Rea8 28.
f4 Qe7 29. Qe2 Nh7 30. Rf3 Qh4 31. Kh1 c4 32. Qxc4 Qxg4 33. Qd3 Kf8 34. Rg1 {
White has some pressure in this position. Nepo tries to drastically change the
character of the position but in that process makes some extremely dubious
decisions.} Rxa4 $2 {What was the compensation that Nepomniachtchi was aiming
for is quite unclear.} (34... Qh4 {We can agree that Black's position is
unpleasant, but still this would have been a better choice.}) 35. bxa4 Nc5 36.
Qe3 (36. Qf1 {was also very good.} Rxa4 37. Ne2 Qd7 38. f5 $18) 36... Rxa4 37.
Nf5 $1 gxf5 {Nepo sacrifices his queen in return for two knights. That's just
not enough.} (37... Qh5 38. Rxh3 $18) (37... Ra1 {would have been an
interesting move} 38. Rfg3 $1 (38. Rxa1 Qg2#) 38... Rxg1+ 39. Rxg1 Qh5 40. Nxd6
$18 {White is winning.}) 38. Rxg4 fxg4 39. Rf1 Nf6 40. e5 Nfe4 41. f5 $1 {
Opening up the c1-h6 diagonal for the queen. White is just winning.} Ra2 42. e6
g3 43. hxg3 Ke8 44. g4 h2 45. Qh3 f6 46. g5 Nxg5 47. Qh8+ Ke7 48. Qg7+ Ke8 49.
Qxf6 1-0

[Event "Olympiad-32"]
[Site "Yerevan"]
[Date "1996.09.26"]
[Round "10.1"]
[White "Gulko, Boris F"]
[Black "Polgar, Judit"]
[Result "0-1"]
[WhiteElo "2615"]
[BlackElo "2665"]
[Annotator "Shipov,S"]
[PlyCount "110"]
[EventDate "1996.09.15"]
[EventType "team-swiss"]
[EventRounds "14"]
[EventCountry "ARM"]
[SourceTitle "CBM 055"]
[Source "ChessBase"]
[SourceDate "1996.12.01"]
[SourceVersion "1"]
[SourceVersionDate "1996.12.01"]
[SourceQuality "1"]
[WhiteTeam "US of America"]
[BlackTeam "Hungary"]
[WhiteTeamCountry "USA"]
[BlackTeamCountry "HUN"]

1. c4 Nf6 2. Nc3 g6 3. e4 d6 4. d4 Bg7 5. f3 O-O 6. Be3 c5 7. Nge2 Nc6 8. d5
Ne5 9. Ng3 e6 10. Be2 exd5 11. cxd5 a6 12. a4 h5 13. O-O Nh7 14. Qd2 h4 15. Nh1
f5 (15... g5 16. Nf2 Qf6 17. h3 Bd7 18. Rab1 Rac8 19. Nfd1 Ng6 $1 $13 20. b4 $2
cxb4 21. Rxb4 Qxc3 $1 22. Nxc3 Bxc3 23. Qa2 Bxb4 $17 {Haba,P-Rasik,V/CZE/1994/
0:1/34/}) 16. Nf2 Re8 (16... Bd7 17. Kh1 Re8 18. exf5 gxf5 19. Nh3 Ng6 20. Rfe1
Qf6 21. f4 Re7 22. Bh5 Bh6 $132 {Vyzmanavin,A-Georgiev,Ki/Burgas/1993/0:1/55/})
17. Kh1 Rb8 18. Rg1 Rf8 $1 {/\ 19.g3?! fe!/} (18... Kh8 19. g3 b5 20. axb5 axb5
21. gxh4 $1 Qxh4 22. Rg3 b4 23. Ncd1 Bd7 24. f4 $1 $16 {Vyzmanavin,A-Georgiev,
Ki/Groningen/1993/1:0/41/}) 19. exf5 Bxf5 20. g4 (20. Nfe4 h3 21. g3 Bxe4 22.
fxe4 Nf3 23. Bxf3 Rxf3 $15) 20... hxg3 21. hxg3 b5 $1 22. axb5 axb5 23. Kg2 (
23. Nxb5 $6 Rxb5 24. Bxb5 Nxf3 $17) 23... Qe7 $15 24. Bh6 $6 (24. Nxb5 Nxf3 $1
$36) (24. Nce4 $5) 24... b4 25. Bxg7 Kxg7 (25... bxc3 $2 26. Bxf8) 26. Ncd1 Ng5
$1 {/\ Nfg3!/} 27. f4 Ne4 28. Qe3 Nxf2 29. Nxf2 Nc6 $8 30. Qxe7+ Nxe7 $17 {
>< d5/} 31. Ra7 Rf7 32. Kf3 Bc2 $1 {/\ Bb3/} (32... Nxd5 $2 33. Rxf7+ Kxf7 34.
Bc4 Be6 35. Re1 Nc7 (35... Re8 $2 36. Ne4 $18) 36. Ne4 Bxc4 37. Nxd6+ $14) 33.
Ne4 Nf5 34. Rxf7+ Kxf7 35. Ng5+ Kf6 36. Bc4 Re8 37. Ra1 Re3+ 38. Kf2 Rxg3 $1
39. Ra7 Rxg5 $8 40. fxg5+ Kxg5 41. Ra8 Kf4 42. Re8 g5 43. Ba6 g4 44. Bc8 g3+
45. Kg1 b3 46. Ba6 Be4 47. Bc4 Nd4 48. Rf8+ Ke3 $19 49. Bf1 (49. Rg8 Nf3+ 50.
Kg2 Ne5+ $19) 49... Bxd5 50. Rf6 Nf3+ 51. Kh1 Nd2+ 52. Bg2 Bxg2+ 53. Kxg2 d5
54. Rb6 c4 55. Kxg3 d4 0-1